LEADER 01279nam a2200265 4500 001 000000332306 003 CaOOAMICUS 005 20190225174109.0 008 190128s2013 gw a 000 u ger r 020 $a978-3-531-18357-2 040 $aSeMil$bita 245 10$aPerformativität und Medialität Populärer Kulturen :$bTheorien, Ästhetiken, Praktiken /$cMarcus S. Kleiner, Thomas Wilke (Hrsg.) 264 1$aWiesbaden :$bSpringer VS,$c2013. 300 $a482 p. :$bill. ;$c24 cm 650 4$aComunicazione di massa.$0(OLS)http://semarc/subject/42237 650 4$aComunicazione - Teorie.$0(OLS)http://semarc/subject/24505 650 4$aMezzi di comunicazione - Pastorale.$0(OLS)http://semarc/subject/42173 700 1 $aKleiner, Marcus S.$0(OLS)http://semarc/name/108965 700 1 $aWilke, Thomas.$0(OLS)http://semarc/name/108966 850 $aSeMil 852 $aSeMil$W1$xVenegono$y1$m3M IV 278$j213140$B224100$CSeMilBibl$Z2$F224100 $81 996 $6020$a978-3-531-18357-2$9(OLS)http://semarc/number/286379 996 $6245$aPerformativität und Medialität Populärer Kulturen :$bTheorien, Ästhetiken, Praktiken$9(OLS)http://semarc/title/421110 996 $6264$aWiesbaden :$bSpringer VS$9(OLS)http://semarc/publisher/58092 LEADER 00981nam a2200193 i 4500 001 000000056995 003 CaOOAMICUS 005 19970919000000.0 008 970919n it u000 u ita u 013 $a28167 040 $aSeMil$bita 100 1 $aBellerate, Bruno M.,$c.$0(OLS)http://semarc/name/28909 245 12$aL'analogia tomista nei grandi commentatori di S. Tommaso. Roma :$b[s.n.], 1960. (Theses ad Lauream ; N. 49). ((Estratto dalla Dissertazione di Laurea. 600 04$aTommaso : d'Aquino .$0(OLS)http://semarc/subject/115 650 4$aAnalogia.$0(OLS)http://semarc/subject/11275 650 4$aTesi di laurea.$0(OLS)http://semarc/subject/1690 850 $aSeMil 852 $aSeMil$W1$xVenegono$y1$m2I V 83$j23149$B23149$CSeMilBibl$Z2$F23151 $81 996 $6245$aL'analogia tomista nei grandi commentatori di S. Tommaso. Roma :$b[s.n.], 1960. (Theses ad Lauream ; N. 49). ((Estratto dalla Dissertazione di Laurea.$9(OLS)http://semarc/title/88649